000 01157nam a2200301Ia 4500
001 ebr10159613
003 CaPaEBR
006 m u
007 cr cn|||||||||
008 930226s1993 mnua s 000 0 eng d
010 _z 92061330
020 _z9780816647132
040 _aCaPaEBR
_cCaPaEBR
035 _a(OCoLC)191932514
050 1 4 _aF606
_b.W6 1993eb
100 1 _aWood, Douglas,
_d1951-
245 1 0 _aPaddle whispers
_h[electronic resource] /
_cwritten and illustrated by Douglas Wood.
260 _aDuluth, MN :
_bPfeifer-Hamilton,
_cc1993.
300 _a176 p. :
_bill.
533 _aElectronic reproduction.
_bPalo Alto, Calif. :
_cebrary,
_d2009.
_nAvailable via World Wide Web.
_nAccess may be limited to ebrary affiliated libraries.
600 1 0 _aWood, Douglas,
_d1951-
_xTravel
_zMinnesota.
650 0 _aCanoes and canoeing
_zMinnesota.
650 0 _aLakes
_zMinnesota.
651 0 _aMinnesota
_xDescription and travel.
655 7 _aElectronic books.
_2local
710 2 _aebrary, Inc.
856 4 0 _uhttp://site.ebrary.com/lib/rucke/Doc?id=10159613
_zAn electronic book accessible through the World Wide Web; click to view
999 _c134258
_d134258